[Event "Buxton e2e4 Major op 06"]
[Site "Buxton"]
[Date "2012.07.01"]
[Round "4"]
[White "Barnett, Douglas J"]
[Black "Camp, Syringa Lyn"]
[Result "1-0"]
[WhiteElo "1742"]
[BlackElo "1702"]
[PlyCount "93"]
[EventDate "2012.06.29"]
[EventType "swiss"]
[EventRounds "5"]
[EventCountry "ENG"]
[SourceTitle "EXT 2014"]
[Source "ChessBase"]
[SourceDate "2013.11.20"]
[SourceVersion "1"]
[SourceVersionDate "2013.11.20"]
[SourceQuality "1"]

1. e4 c5 2. Nf3 d6 3. d4 cxd4 4. Nxd4 Nf6 5. Nc3 a6 6. Be3 Qc7 7. f3 Nc6 8. Qd2 Nxd4 9. Qxd4 e5 10. Qd2 Be6 11. a4 Rd8 12. a5 Rd7 13. Nd5 Nxd5 14. exd5 Bf5 15. Bd3 Bxd3 16. Qxd3 Be7 17. Bb6 Qc8 18. 0-0 0-0 19. c4 Bd8 20. b4 Bxb6+ 21. axb6 Qd8 22. Qe3 f5 23. Rfd1 f4 24. Qf2 Rf6 25. c5 dxc5 26. bxc5 Kh8 27. Qa2 g5 28. d6 Qg8 29. Qb2 Qe6 30. Rac1 Rf8 31. Re1 Re8 32. Re2 Qd5 33. Qc2 g4 34. Qf5 Rf7 35. Qxg4 Rg8 36. Qh5 Qd4+ 37. Kf1 Rfg7 38. Qxe5 Qxe5 39. Rxe5 Rxg2 40. Rce1 Rc2 41. Re8 Rxc5 42. Rxg8+ Kxg8 43. d7 Rd5 44. Re8+ Kf7 45. d8Q Rxd8 46. Rxd8 Ke6 47. Rb8 1-0